|
|
|
|
| LEADER |
00899nam a22002772a 4500 |
| 001 |
000875709 |
| 003 |
CZ BrMZK |
| 005 |
20100810144053.0 |
| 007 |
ta |
| 008 |
071116s1987 xo a er|||||||||||slo d |
| 040 |
|
|
|a BOA001
|b cze
|
| 080 |
9 |
|
|a 76(437.6)"19":92 Štanclová
|
| 100 |
1 |
|
|a Štanclová, Kamila,
|d 1945-
|7 jn20000620370
|4 art
|
| 245 |
1 |
0 |
|a Kamila Štanclová :
|b 12 grafík /
|c [text] Klára Kubíková
|
| 246 |
1 |
|
|i Název v tiráži:
|a 12 grafík Kamily Štanclovej
|
| 250 |
|
|
|a 1. vyd.
|
| 260 |
|
|
|a Bratislava :
|b Tatran,
|c 1987
|
| 300 |
|
|
|a [2] listy, 12 obr. v obalu
|
| 490 |
1 |
|
|a Albumy ;
|v zv. 29
|
| 700 |
1 |
|
|a Kubíková, Klára
|7 ola2004253767
|4 aut
|
| 830 |
|
0 |
|a Albumy
|
| 910 |
|
|
|a BOA001
|b 4-0926.202
|
| 964 |
|
|
|a Štanclová, Kamila - grafika
|
| 990 |
|
|
|a BK
|
| 991 |
|
|
|b 200711
|
| 996 |
6 |
|
|b 2619318695
|c 4-0926.202
|l MZK
|r Sklad / do 1 hodiny
|n 1
|w 000875709
|u 000010
|a 1
|e BOA001
|j MZK50
|s P
|